LIBRARY & INFORMATION CENTRE, KCAET, TAVANUR

ONLINE PUBLIC ACCESS CATALOGUE (OPAC)

Dictionary of food science and technology (Record no. 13318)

MARC details
000 -LEADER
fixed length control field 00363cam a2200145ua 4500
041 ## - LANGUAGE CODE
Language code of text/sound track or separate title eng
082 ## - DEWEY DECIMAL CLASSIFICATION NUMBER
Classification number 664.033
Item number BLA/Di
100 ## - MAIN ENTRY--AUTHOR NAME
Personal name Merryweather, L M .
245 00 - TITLE STATEMENT
Title Dictionary of food science and technology
260 ## - PUBLICATION, DISTRIBUTION, ETC. (IMPRINT)
Place of publication Oxford :
Name of publisher Blackwell Scientific Publications ,
Year of publication 2005.
300 ## - PHYSICAL DESCRIPTION
Number of Pages 413 ; .
942 ## - ADDED ENTRY ELEMENTS (KOHA)
Koha item type Books
Holdings
Withdrawn status Lost status Damaged status Home library Current library Date acquired Full call number Accession Number Koha item type
      KAUAET KAUAET 07/04/2012 664.033 21705 Books
free website counter